Protocolo de diagnóstico e intervención psicopedagógica : (Registro nro. 3283)
[ vista simple ]
| 000 -CABECERA (24) | |
|---|---|
| Campo de control interno | 01077nmm a22002774a 4500 |
| 003 - IDENTIFICADOR DE CONTROL | |
| Campo control | BOLpUSFA |
| 005 - FECHA Y HORA DE CATALOGACION | |
| Campo de control | 20201007185420.0 |
| 008 - ELEMENTOS DE LONGITUD FIJA - INFORMACIÓN GENERAL | |
| Campo de control de longitud fija | t bo gq d z spa u |
| 020 ## - INTERNATIONAL STANDARD BOOK NUMBER | |
| ISBN | 9789942113931 |
| 041 ## - Código de idioma (R) | |
| Código de lengua del texto/banda sonora o título independiente (R) | spa |
| 100 ## - Autor Personal | |
| Autor Personal | Gamucio, María Elena |
| 245 ## - Titulo | |
| Titulo | Protocolo de diagnóstico e intervención psicopedagógica : |
| Subtitulo | diagnóstico rápido 11-18 años |
| Medio | [recurso electrónico] |
| 260 #s - Editorial | |
| Ciudad | s.l.: |
| Nombre de la Editorial | Clínica Ambiental, |
| Fecha | 2012. |
| 300 ## - Descripcion | |
| Extension | 54 p. : |
| Otros detalles fisicos | il. |
| 490 ## - Serie Colección | |
| Serie Colección | Guía ; |
| Volumen / Numero secuencial | No. 3 |
| 520 ## - Resumen | |
| Resumen | La adolescencia es una construcción social, por ello, la forma como se la comprende ha cambiado considerablemente con el transcurso de los años y varía también de una región a otra. |
| 650 ## - Temas - Descriptores | |
| Temas - Descriptores | Diagnóstico |
| 650 ## - Temas - Descriptores | |
| Temas - Descriptores | Psicopedagógico |
| 650 ## - Temas - Descriptores | |
| Temas - Descriptores | Educación |
| 650 ## - Temas - Descriptores | |
| Temas - Descriptores | Adolescencia |
| 650 ## - Temas - Descriptores | |
| Temas - Descriptores | Historia clínica |
| 700 ## - Autor Personal | |
| Autor Personal | Solíz, Fernanda |
| 700 ## - Autor Personal | |
| Autor Personal | Valverde, Soledad |
| 856 ## - URL - Ubicacion | |
| URI/URL | <a href="http://biblioteca.usfa.edu.bo/cgi-bin/koha/opac-retrieve-file.pl?id=1a5acc35a15a0f4f3e172492299f2393">http://biblioteca.usfa.edu.bo/cgi-bin/koha/opac-retrieve-file.pl?id=1a5acc35a15a0f4f3e172492299f2393</a> |
| 942 ## - ELEMENTOS DE KOHA | |
| Esquema de Clasificaci | |
| Tipo de Documento | Documentos Electrónicos |
| Catalogador | OPW; SHS |
No hay ítems disponibles.